000
00256nam a22001217a 4500
008
180125b xxu||||| |||| 00| 0 eng d
041
_a
eng
080
_a
32
100
_a
21
101
_a
pol
245
_a
govt a student
_c
edward.s
942
_2
udc
_c
BK
999
_c
40961
_d
40961